Science and environment

Sách cung cấp những từ vựng chuyên dùng trong lĩnh vực tin tức, ôn tập những chủ điểm ngữ pháp quan trọng và luyện nghe tiếng Anh với cả văn phong trang trọng lẫn đời thường.

Uloženo v:
Podrobná bibliografie
Hlavní autor: Berwick, Gwen
Médium: Kniha
Jazyk:Undetermined
Vydáno: Thành phố Hồ Chí Minh Tổng hợp Thành phố Hồ Chí Minh 2009
Témata:
Tagy: Přidat tag
Žádné tagy, Buďte první, kdo otaguje tento záznam!
Thư viện lưu trữ: Trung tâm Học liệu Trường Đại học Cần Thơ
LEADER 00985nam a2200205Ia 4500
001 CTU_212852
008 210402s9999 xx 000 0 und d
082 |a 428.24 
082 |b B553 
100 |a Berwick, Gwen 
245 0 |a Science and environment 
245 0 |c Gwen Berwick and Sydney Thorne ; Lê Huy Lâm dịch 
260 |a Thành phố Hồ Chí Minh 
260 |b Tổng hợp Thành phố Hồ Chí Minh 
260 |c 2009 
520 |a Sách cung cấp những từ vựng chuyên dùng trong lĩnh vực tin tức, ôn tập những chủ điểm ngữ pháp quan trọng và luyện nghe tiếng Anh với cả văn phong trang trọng lẫn đời thường. 
650 |a English language,Ngôn ngữ Anh 
904 |i Trọng Hải 
910 |a Sách kèm đĩa DVD: AVA.000514; AVA.000515; AVA.000516; AVA.000517; AVA.000518; AVA.000519 
980 |a Trung tâm Học liệu Trường Đại học Cần Thơ